| 000 | 00484pab a2200181 454500 | ||
|---|---|---|---|
| 008 | 180718b2012 xxu||||| |||| 00| 0 eng d | ||
| 100 | _aSingh, Manjit | ||
| 245 | _aA re-election in Punjab and the continuing crisis | ||
| 260 | _c2012 | ||
| 300 | _ap.21-23. | ||
| 362 | _a31 Mar | ||
| 650 | _aPunjab. Legislative assembly - Elections | ||
| 650 | _aElections - India - Punjab | ||
| 650 | _aElections | ||
| 773 | _aEconomic and Political Weekly | ||
| 908 | _aN | ||
| 909 | _a95725 | ||
| 999 |
_c95725 _d95725 |
||